000 00703nam a2200253Ia 4500
003 OSt
005 20220918163454.0
006 a|||||r|||| 00| 0
007 ta
008 220917b |||||||| |||| 00| 0 eng d
020 _a0030557518
024 _a4,176
037 _cTextual
040 _aARTS
_cARTS
_beng
041 _2eng
_aeng
082 _aS:172:86v73, M0
100 _aBell Leland V.
_913304
245 0 _aTreating the mentally ill
_b From colonical times to the present
260 _aNew York
_bPraeger
_c1980
300 _axi,245p Bibliography
_ccm.
650 _aPSYCHOLOGY
942 _hS:172:86v73, M0
_cTEXL
_2CC
999 _c119742
_d119742